000 00521nam a2200217Ia 4500
008 170918s9999 xx 000 0 und d
020 _a9780545288729
050 _bM482oc 2010
100 _aMeadows, Daisy
245 _aAmelie the seal fairy /
245 _cby Daisy Meadows.
260 _aNew York :
260 _bLittle Apple,
260 _c2010
300 _a65 pages :
300 _billustrations ;
300 _c19cm.
300 _eRainbow Magic : The ocean faries ;
440 _a2
500 _a770
999 _c343790
_d343790